[Event "V Festival Mare di Fano A"]
[Site "Fano ITA"]
[Date "2016.08.05"]
[Round "8"]
[White "Tamin, Upi Darmayana"]
[Black "Mirri, Pietro"]
[WhiteElo "2033"]
[BlackElo "2011"]
[Result "0-1"]
[PlyCount "94"]
[EventDate "2016.07.30"]

1. e4 e6 2. d4 d5 3. Nc3 Nf6 4. e5 Nfd7 5. f4 c5 6. Nf3 Nc6 7. Be3 cxd4 8. Nxd4
Bc5 9. Qd2 O-O 10. O-O-O a6 11. g4 Nxd4 12. Bxd4 b5 13. h4 b4 14. Ne2 a5 15.
Ng3 a4 16. Bb5 Bxd4 17. Qxd4 Qa5 18. Bxd7 Bxd7 19. f5 Rfc8 20. Rh2 b3 21. a3
Rxc2+ 22. Rxc2 bxc2 23. Kxc2 Rc8+ 24. Kb1 Rc4 25. Qe3 Rxg4 26. f6 gxf6 27. Nh5
Rg2 28. Nxf6+ Kh8 29. Qh6 Rg7 30. Nh5 Rg6 31. Qf8+ Rg8 32. Qxf7 Qd8 33. Nf6 Rg7
34. Qh5 Bb5 35. Rd4 Qc8 36. Rd1 Bc4 37. Qh6 Qb8 38. Qf4 Qb3 39. Qd4 Rg2 40. Rd2
Qa2+ 41. Kc2 Rg3 42. Rh2 Bb3+ 43. Kd2 Qb1 44. Ke2 Qc2+ 45. Qd2 Bc4+ 46. Kf2
Qxd2+ 47. Kxg3 Qe3+ 0-1

[Event "V Festival Mare di Fano A"]
[Site "Fano ITA"]
[Date "2016.08.05"]
[Round "8"]
[White "Urkedal, Frode"]
[Black "Getz, Nicolai"]
[WhiteElo "2557"]
[BlackElo "2461"]
[Result "1-0"]
[PlyCount "93"]
[EventDate "2016.07.30"]

1. c4 Nf6 2. Nc3 e6 3. e4 d5 4. e5 d4 5. exf6 dxc3 6. bxc3 Qxf6 7. Nf3 e5 8. d4
exd4 9. Bg5 Qe6+ 10. Be2 Be7 11. cxd4 Bxg5 12. Nxg5 Qe7 13. Qd2 h6 14. Nf3 O-O
15. O-O Bf5 16. Rfe1 Bh7 17. Qb2 c6 18. Bd3 Qc7 19. Bxh7+ Kxh7 20. Rab1 b6 21.
Qa3 c5 22. d5 Qd6 23. Qd3+ Kg8 24. Ne5 Nd7 25. Nc6 Rfe8 26. Rxe8+ Rxe8 27. Nxa7
Ne5 28. Qe4 Ra8 29. Nb5 Qg6 30. Re1 Qxe4 31. Rxe4 Rxa2 32. h3 f6 33. f4 Ng6 34.
Re8+ Kh7 35. d6 Rd2 36. g3 Nh8 37. Rf8 Ng6 38. Rb8 h5 39. h4 Nh8 40. Rb7 Ng6
41. Kf1 Nf8 42. f5 Kg8 43. Re7 g5 44. fxg6 Nxg6 45. Ke1 Rd3 46. Ke2 Rxg3 47.
Re8+ 1-0

[Event "V Festival Mare di Fano A"]
[Site "Fano ITA"]
[Date "2016.08.05"]
[Round "8"]
[White "Varvaglione, Antonio"]
[Black "Rigo, Janos"]
[WhiteElo "2189"]
[BlackElo "2243"]
[Result "1-0"]
[PlyCount "61"]
[EventDate "2016.07.30"]

1. e4 c5 2. Nf3 Nc6 3. d4 cxd4 4. Nxd4 Nf6 5. Nc3 g6 6. Nxc6 dxc6 7. Qxd8+ Kxd8
8. Bc4 Ke8 9. e5 Ng4 10. f4 h5 11. Bd2 Bf5 12. h3 Nh6 13. O-O-O h4 14. Be3 Bd7
15. Bf2 b5 16. Bb3 a5 17. a3 Nf5 18. Bxf7+ Kxf7 19. Rxd7 Bh6 20. Ne2 Rhg8 21.
Kb1 Rac8 22. Rhd1 a4 23. Bc5 g5 24. Nd4 Nxd4 25. Rxe7+ Kg6 26. Rxd4 gxf4 27.
Re6+ Kh5 28. Rf6 Rxg2 29. e6 Rg5 30. e7 Rd5 31. Rxc6 1-0

[Event "V Festival Mare di Fano A"]
[Site "Fano ITA"]
[Date "2016.08.05"]
[Round "8"]
[White "Villar Nieves, Antonio"]
[Black "Aris, T.L.S."]
[WhiteElo "2175"]
[BlackElo "2162"]
[Result "1-0"]
[PlyCount "71"]
[EventDate "2016.07.30"]

1. e4 e6 2. d4 d5 3. e5 c5 4. c3 Nc6 5. Nf3 Bd7 6. Be2 Nge7 7. O-O Rc8 8. a3
Ng6 9. b4 cxd4 10. cxd4 f6 11. Bd3 Be7 12. Re1 O-O 13. Bd2 Qe8 14. Nc3 fxe5 15.
dxe5 Nf4 16. Bxf4 Rxf4 17. Nxd5 exd5 18. e6 Bxe6 19. Rxe6 Qf7 20. Re3 Bf6 21.
Rc1 Rd8 22. b5 Nd4 23. Ne5 Bxe5 24. Rxe5 g6 25. f3 Kg7 26. Kh1 Rh4 27. h3 Rd7
28. Rc8 Qf4 29. Ree8 Qg3 30. Rg8+ Kh6 31. Rgf8 Re7 32. Qd2+ g5 33. Be4 Ne6 34.
Rf6+ Kg7 35. Rxe6 Rxe6 36. Qxd5 1-0

[Event "V Festival Mare di Fano A"]
[Site "Fano ITA"]
[Date "2016.08.06"]
[Round "9"]
[White "Aris, T.L.S."]
[Black "Rago, Riccardo"]
[WhiteElo "2162"]
[BlackElo "2042"]
[Result "1-0"]
[PlyCount "113"]
[EventDate "2016.07.30"]

1. d4 d5 2. c4 e6 3. Nc3 Nf6 4. e3 c6 5. Nf3 Nbd7 6. Qc2 Bd6 7. g4 dxc4 8. Bxc4
Nd5 9. g5 N7b6 10. Be2 Qe7 11. a3 e5 12. Ne4 exd4 13. Nxd6+ Qxd6 14. Nxd4 Bd7
15. Bd2 Qe5 16. O-O-O O-O-O 17. h4 Kb8 18. e4 Nf4 19. Bc3 Qc7 20. Nb3 Rhg8 21.
Bf3 c5 22. e5 Ba4 23. Qe4 Ne6 24. Rxd8+ Rxd8 25. Na5 Nd4 26. Bd1 g6 27. Re1 Bd7
28. Bxd4 cxd4+ 29. Qc2 Qxc2+ 30. Bxc2 Be6 31. Be4 Bd5 32. Kd2 Nc4+ 33. Nxc4
Bxc4 34. h5 a6 35. f4 Be6 36. Rc1 Re8 37. Rc5 Rd8 38. b4 Rd7 39. Bd3 Bg4 40.
hxg6 hxg6 41. Bc4 Bf3 42. Bb3 Be4 43. Rc1 Bf5 44. Rh1 Rc7 45. Rh8+ Ka7 46. Rd8
Rc3 47. Bxf7 Rc2+ 48. Ke1 Rc1+ 49. Kd2 Rc2+ 50. Kd1 d3 51. Bb3 Rb2 52. Bc4 Bg4+
53. Ke1 Re2+ 54. Kf1 Bh3+ 55. Kg1 Rg2+ 56. Kh1 d2 57. e6 1-0

[Event "V Festival Mare di Fano A"]
[Site "Fano ITA"]
[Date "2016.08.06"]
[Round "9"]
[White "Aulia, Medina Warda"]
[Black "Varvaglione, Antonio"]
[WhiteElo "2382"]
[BlackElo "2189"]
[Result "1-0"]
[PlyCount "37"]
[EventDate "2016.07.30"]

1. e4 d6 2. d4 Nf6 3. Nc3 e5 4. Nf3 Nbd7 5. Bc4 Be7 6. O-O O-O 7. Re1 c6 8. a4
a5 9. h3 Nb6 10. Ba2 Nfd7 11. Be3 exd4 12. Nxd4 Nc5 13. b3 Re8 14. Qf3 Bf6 15.
Rad1 Nbd7 16. Qg3 Nf8 17. Nxc6 bxc6 18. Bxc5 Be5 19. f4 1-0

[Event "V Festival Mare di Fano A"]
[Site "Fano ITA"]
[Date "2016.08.06"]
[Round "9"]
[White "Aulia, Virda Rizka"]
[Black "Tamin, Upi Darmayana"]
[WhiteElo "1918"]
[BlackElo "2033"]
[Result "1/2-1/2"]
[PlyCount "28"]
[EventDate "2016.07.30"]

1. e4 e6 2. d4 d5 3. exd5 exd5 4. Bd3 Bd6 5. Ne2 Ne7 6. O-O O-O 7. Bf4 Ng6 8.
Bxd6 Qxd6 9. c3 c6 10. Nd2 Nd7 11. Nf3 Nf6 12. Ng3 a5 13. a4 Nf4 14. Nf5 Qc7
1/2-1/2

[Event "V Festival Mare di Fano A"]
[Site "Fano ITA"]
[Date "2016.08.06"]
[Round "9"]
[White "Corvi, Marco"]
[Black "Villar Nieves, Antonio"]
[WhiteElo "2343"]
[BlackElo "2175"]
[Result "0-1"]
[PlyCount "116"]
[EventDate "2016.07.30"]

1. c4 f5 2. Nf3 Nf6 3. g3 g6 4. Bg2 Bg7 5. O-O O-O 6. Nc3 d6 7. d4 c6 8. Re1
Na6 9. b3 c5 10. Bb2 Bd7 11. d5 Nc7 12. Qc2 Rb8 13. a4 Ng4 14. e4 f4 15. Ne2
fxg3 16. hxg3 e6 17. dxe6 Nxe6 18. Bxg7 Kxg7 19. Rad1 Bc6 20. Nc3 Qe7 21. Nd5
Qf7 22. Rd2 Kg8 23. Qc3 Rbe8 24. Bh3 Qxf3 25. Qxf3 Rxf3 26. Bxg4 Ng5 27. Kg2
Rff8 28. Rde2 h5 29. f4 hxg4 30. fxg5 Re5 31. Rf2 Bxd5 32. cxd5 Rxg5 33. Rf4
Re5 34. Kf2 Kg7 35. Rxf8 Kxf8 36. Ke3 Ke7 37. Kf4 Kf6 38. Kxg4 Rh5 39. Kf4 Rh2
40. Rf1 Rc2 41. Rf3 b6 42. Rf1 a6 43. g4 g5+ 44. Kf3 Rb2 45. Ke3+ Ke7 46. e5
Rxb3+ 47. Ke4 Rb4+ 48. Kf5 Rd4 49. exd6+ Kxd6 50. Kxg5 Kxd5 51. a5 b5 52. Kf5
c4 53. g5 Rd2 54. g6 Rg2 55. Kf6 c3 56. g7 Rxg7 57. Kxg7 b4 58. Kf6 b3 0-1

[Event "V Festival Mare di Fano A"]
[Site "Fano ITA"]
[Date "2016.08.06"]
[Round "9"]
[White "Getz, Nicolai"]
[Black "Brancaleoni, Maurizio"]
[WhiteElo "2461"]
[BlackElo "2229"]
[Result "1-0"]
[PlyCount "69"]
[EventDate "2016.07.30"]

1. e4 e5 2. Nf3 Nf6 3. Nxe5 d6 4. Nf3 Nxe4 5. Nc3 Nf6 6. d4 Be7 7. Bd3 O-O 8.
h3 a6 9. O-O b5 10. Ne2 c5 11. c3 Nc6 12. Ng3 cxd4 13. cxd4 Nb4 14. Bb1 g6 15.
Ng5 Bb7 16. a3 Nbd5 17. h4 Qd7 18. f3 Rfe8 19. Qd3 b4 20. axb4 Nxb4 21. Qb3 d5
22. Bf4 a5 23. Be5 Ba6 24. Re1 Qb5 25. Qe3 Nd7 26. Nxf7 Kxf7 27. Qh6 Nxe5 28.
Qxh7+ Kf8 29. Qh6+ Kf7 30. Rxe5 Nd3 31. Qh7+ Kf8 32. Nf5 Bf6 33. Qh6+ Kf7 34.
Nd6+ Kg8 35. Qxg6+ 1-0

[Event "V Festival Mare di Fano A"]
[Site "Fano ITA"]
[Date "2016.08.06"]
[Round "9"]
[White "Gonzalez Diaz, Julio"]
[Black "Csonka, Attila Istvan"]
[WhiteElo "2273"]
[BlackElo "2316"]
[Result "1-0"]
[PlyCount "95"]
[EventDate "2016.07.30"]

1. c4 e5 2. Nc3 Nf6 3. g3 d5 4. cxd5 Nxd5 5. Bg2 Nb6 6. e3 g6 7. Nge2 Bg7 8. f4
Nc6 9. O-O O-O 10. b3 Nb4 11. fxe5 Bxe5 12. Ba3 a5 13. Nf4 c6 14. d4 Bg7 15.
Ne4 Re8 16. Qd2 Bf5 17. Bxb4 axb4 18. Nf2 Bc8 19. Rad1 Nd5 20. Nxd5 cxd5 21.
Nd3 Bf5 22. Nxb4 Be4 23. Bxe4 Rxe4 24. Nd3 Qa5 25. Qf2 Re7 26. Nf4 Qxa2 27.
Nxd5 Qxf2+ 28. Rxf2 Re4 29. Rd3 Ra5 30. Nf6+ Bxf6 31. Rxf6 Rb5 32. Rf4 Re6 33.
d5 Rd6 34. e4 Rc5 35. Kf2 f6 36. Ke3 b6 37. Rf2 Kg7 38. Ra2 Rd7 39. Ra4 f5 40.
Rb4 Rd6 41. Kd4 fxe4 42. Kxe4 Kf6 43. Rc4 Ra5 44. h4 h5 45. Rc7 g5 46. hxg5+
Kxg5 47. Ke5 Rg6 48. Rf7 1-0

[Event "V Festival Mare di Fano A"]
[Site "Fano ITA"]
[Date "2016.08.06"]
[Round "9"]
[White "Kholopov, Alexander A"]
[Black "Matsenko, Andrei"]
[WhiteElo "2289"]
[BlackElo "2327"]
[Result "1-0"]
[PlyCount "111"]
[EventDate "2016.07.30"]

1. c4 Nf6 2. Nc3 e6 3. e4 d5 4. e5 d4 5. exf6 dxc3 6. bxc3 Qxf6 7. Nf3 b6 8. d4
Bb7 9. Bd3 h6 10. O-O Bd6 11. Re1 Bxf3 12. Qxf3 Qxf3 13. gxf3 Nd7 14. f4 O-O
15. f5 Rae8 16. fxe6 fxe6 17. Kg2 Nf6 18. Bg6 Re7 19. f3 e5 20. Bd2 c5 21. d5
Nd7 22. Be4 Kf7 23. a4 a5 24. Bf5 Ke8 25. Bxd7+ Kxd7 26. Re4 Rf6 27. Rb1 Bc7
28. Rbe1 Ref7 29. R1e3 Rf4 30. Be1 Rxe4 31. Rxe4 Ke7 32. Bg3 Kf6 33. f4 Kf5 34.
Kf3 Kg6 35. Ke3 exf4+ 36. Bxf4 Bd8 37. Re8 Bf6 38. Re6 Kf5 39. Bg3 Bxc3 40.
Rxb6 h5 41. Rb1 Kg4 42. Kd3 Bd4 43. Re1 Rf3+ 44. Ke4 h4 45. Be5 Rc3 46. Bxd4
Rxc4 47. Rd1 cxd4 48. Rxd4 Rc8 49. d6 Kh3 50. Kd5 Rd8 51. Ke6 g5 52. Rd2 g4 53.
Ke7 Rh8 54. d7 Rh7+ 55. Kd6 Rh8 56. Kc7 1-0

[Event "V Festival Mare di Fano A"]
[Site "Fano ITA"]
[Date "2016.08.06"]
[Round "9"]
[White "Klekowski, Maciej"]
[Black "Laketic, Gojko"]
[WhiteElo "2429"]
[BlackElo "2413"]
[Result "1-0"]
[PlyCount "75"]
[EventDate "2016.07.30"]

1. e4 Nf6 2. e5 Nd5 3. d4 d6 4. c4 Nb6 5. exd6 cxd6 6. Nc3 g6 7. Be3 Bg7 8. Rc1
O-O 9. b3 Bf5 10. Nf3 d5 11. c5 Nc8 12. h3 Nc6 13. Be2 Be4 14. Nxe4 dxe4 15.
Ng5 Nxd4 16. Nxe4 a6 17. Bc4 Na7 18. h4 Nf5 19. h5 Nxe3 20. fxe3 Nc6 21. hxg6
hxg6 22. Qg4 Qa5+ 23. Kf1 Ne5 24. Qh4 Rfe8 25. Ng5 e6 26. Ne4 Red8 27. Qe7 Ng4
28. Qg5 b5 29. Be2 Qa3 30. Rc2 f5 31. Bxg4 Rf8 32. Ke2 Qb4 33. Qxg6 Qxe4 34.
Qh7+ Kf7 35. Bh5+ Kf6 36. Qg6+ Ke5 37. Qxg7+ Rf6 38. Qc7+ 1-0

[Event "V Festival Mare di Fano A"]
[Site "Fano ITA"]
[Date "2016.08.06"]
[Round "9"]
[White "Landi, Alberto"]
[Black "Fisabilillah, Ummi"]
[WhiteElo "2004"]
[BlackElo "2099"]
[Result "1-0"]
[PlyCount "51"]
[EventDate "2016.07.30"]

1. e4 e6 2. d3 d5 3. Qe2 Nf6 4. Nf3 a5 5. g3 dxe4 6. dxe4 Nc6 7. e5 Nd5 8. Bg2
b6 9. O-O Bb7 10. Rd1 Qc8 11. c4 Ndb4 12. Nc3 Be7 13. Bf4 O-O 14. Ne4 Na6 15.
Nfg5 h6 16. Nh3 Nc5 17. Qg4 Kh8 18. Qh5 f5 19. exf6 Bxf6 20. Bxh6 Qe8 21. Nxf6
Qxh5 22. Bxg7+ Kxg7 23. Nxh5+ Kf7 24. N5f4 Rad8 25. Ng5+ Kf6 26. Nh7+ 1-0

[Event "V Festival Mare di Fano A"]
[Site "Fano ITA"]
[Date "2016.08.06"]
[Round "9"]
[White "Lavorgna, Francesco"]
[Black "Murin, Janos"]
[WhiteElo "1887"]
[BlackElo "2107"]
[Result "1-0"]
[PlyCount "51"]
[EventDate "2016.07.30"]

1. c4 Nf6 2. Nf3 g6 3. g3 Bg7 4. Bg2 O-O 5. O-O d6 6. Nc3 e5 7. d3 Nbd7 8. Bd2
Re8 9. Qc2 c6 10. b4 Nf8 11. Rab1 Ne6 12. e3 Qc7 13. b5 Bd7 14. Rfd1 Nc5 15.
Ne1 Re7 16. a4 Rd8 17. a5 Bc8 18. b6 axb6 19. axb6 Qb8 20. Ra1 Bf5 21. Ne4 Nfd7
22. Bb4 Bxe4 23. dxe4 Nxb6 24. Ba5 Ncd7 25. Qb3 Qa7 26. Bb4 1-0

[Event "V Festival Mare di Fano A"]
[Site "Fano ITA"]
[Date "2016.08.06"]
[Round "9"]
[White "Legowo, Parahita Millyena"]
[Black "Cirelli, Alessandro"]
[WhiteElo "2085"]
[BlackElo "1935"]
[Result "1/2-1/2"]
[PlyCount "54"]
[EventDate "2016.07.30"]

1. e4 e5 2. Nf3 Nc6 3. Bb5 a6 4. Bxc6 dxc6 5. O-O Bg4 6. h3 h5 7. d3 Qf6 8. Be3
Bxf3 9. Qxf3 Qxf3 10. gxf3 Bd6 11. Kg2 O-O-O 12. Rg1 Ne7 13. Kf1 Rhg8 14. Nd2
f6 15. h4 b6 16. Ke2 Kd7 17. c3 c5 18. Rad1 Ke6 19. Rg2 g6 20. Nc4 Nc6 21. a4
Kf7 22. Ra1 Be7 23. Nd2 Bd6 24. Nb3 a5 25. Nd2 Rd7 26. Rag1 Nd8 27. Nc4 Ne6
1/2-1/2

[Event "V Festival Mare di Fano A"]
[Site "Fano ITA"]
[Date "2016.08.06"]
[Round "9"]
[White "Liepold, Stefan"]
[Black "Di Chiara, Mauro"]
[WhiteElo "2236"]
[BlackElo "1934"]
[Result "1-0"]
[PlyCount "91"]
[EventDate "2016.07.30"]

1. e4 c5 2. Nf3 Nc6 3. d4 cxd4 4. Nxd4 g6 5. c4 Bg7 6. Be3 Nf6 7. Nc3 d6 8. Be2
O-O 9. Qd2 Nxd4 10. Bxd4 Be6 11. Rc1 Nd7 12. Bxg7 Kxg7 13. O-O a5 14. h3 Rc8
15. b3 Nc5 16. f4 Qb6 17. Kh2 Bd7 18. Qd4+ Kg8 19. Rcd1 Bc6 20. Bg4 Rcd8 21. h4
Qc7 22. g3 b6 23. h5 e5 24. Qe3 f5 25. exf5 gxf5 26. Bh3 e4 27. g4 Qf7 28. gxf5
Qf6 29. Rg1+ Kh8 30. Rg5 Rg8 31. Rdg1 Rxg5 32. fxg5 Qe5+ 33. Qg3 Nd3 34. Qxe5+
Nxe5 35. Bg4 d5 36. cxd5 Bxd5 37. Kg3 Bxb3 38. axb3 Rd3+ 39. Kf4 Nxg4 40. Nxe4
Nh2 41. g6 Rf3+ 42. Ke5 Re3 43. Rg2 Nf1 44. Kf4 hxg6 45. hxg6 Kg8 46. g7 1-0

[Event "V Festival Mare di Fano A"]
[Site "Fano ITA"]
[Date "2016.08.06"]
[Round "9"]
[White "Lioe, Dede"]
[Black "Urkedal, Frode"]
[WhiteElo "2357"]
[BlackElo "2557"]
[Result "0-1"]
[PlyCount "48"]
[EventDate "2016.07.30"]

1. e4 e5 2. Nf3 Nc6 3. Bb5 a6 4. Bc4 Nf6 5. d3 b5 6. Bb3 Be7 7. Nc3 O-O 8. a3
Bb7 9. O-O d6 10. h3 Nb8 11. Ne2 Nbd7 12. Ng3 Nc5 13. Ba2 d5 14. exd5 Bxd5 15.
Nxe5 Re8 16. c4 bxc4 17. dxc4 Bb7 18. b4 Qxd1 19. Rxd1 Bd6 20. Nxf7 Bxg3 21.
fxg3 Re2 22. Nd8 Rxg2+ 23. Kf1 Bf3 24. bxc5 Ne4 0-1

[Event "V Festival Mare di Fano A"]
[Site "Fano ITA"]
[Date "2016.08.06"]
[Round "9"]
[White "Maisuradze, Nino"]
[Black "Mazzini, Mauro"]
[WhiteElo "2281"]
[BlackElo "2191"]
[Result "0-1"]
[PlyCount "104"]
[EventDate "2016.07.30"]

1. d4 Nf6 2. c4 e6 3. Nc3 Bb4 4. e3 d5 5. a3 Bxc3+ 6. bxc3 b6 7. Bd3 Ba6 8.
cxd5 Bxd3 9. Qxd3 exd5 10. Nf3 Nbd7 11. c4 c6 12. a4 O-O 13. O-O Qc7 14. Bb2
Qb7 15. Rfc1 Rfd8 16. Qb3 c5 17. h3 h6 18. a5 Qc6 19. Ne5 Nxe5 20. dxe5 dxc4
21. Qxc4 Ne8 22. Rc2 Nc7 23. Rac1 Rd7 24. Qg4 Qe6 25. Qe2 Rad8 26. e4 Qb3 27.
Rc3 Qa4 28. axb6 axb6 29. Qg4 Rd1+ 30. Kh2 Rxc1 31. Bxc1 Qd7 32. Qh4 Kf8 33.
Bxh6 gxh6 34. Qxh6+ Ke8 35. Qh8+ Ke7 36. Qf6+ Ke8 37. Qh8+ Ke7 38. Qf6+ Ke8 39.
Rg3 Ne6 40. Rg8+ Nf8 41. Qxb6 Rc8 42. f4 Qc6 43. Qb1 c4 44. f5 c3 45. Qc2 Qb5
46. e6 Qe5+ 47. Kh1 Ra8 48. exf7+ Kxf7 49. Qb3+ Ke8 50. g3 Qxe4+ 51. Kg1 Qe1+
52. Kg2 Qe2+ 0-1

[Event "V Festival Mare di Fano A"]
[Site "Fano ITA"]
[Date "2016.08.06"]
[Round "9"]
[White "Marzocchi, Tommaso"]
[Black "Cavalieri, Riccardo"]
[WhiteElo "2068"]
[BlackElo "1937"]
[Result "1-0"]
[PlyCount "49"]
[EventDate "2016.07.30"]

1. e4 c5 2. Nf3 e6 3. d4 cxd4 4. Nxd4 Nc6 5. Nc3 Qc7 6. Be3 a6 7. a4 Nf6 8. Bd3
Nxd4 9. Bxd4 Bc5 10. Bxc5 Qxc5 11. O-O O-O 12. Kh1 b6 13. f4 d5 14. e5 Nd7 15.
Qh5 g6 16. Qh6 Re8 17. Rf3 Qf8 18. Qh4 Qe7 19. Qg3 Nc5 20. f5 Nxd3 21. Rxd3
exf5 22. Nxd5 Qxe5 23. Re3 Qxd5 24. Rxe8+ Kg7 25. Qc3+ 1-0

[Event "V Festival Mare di Fano A"]
[Site "Fano ITA"]
[Date "2016.08.06"]
[Round "9"]
[White "Matsenko, Vadim"]
[Black "Scarpa, Silvia"]
[WhiteElo "2132"]
[BlackElo "1926"]
[Result "1/2-1/2"]
[PlyCount "72"]
[EventDate "2016.07.30"]

1. e4 c5 2. Nf3 d6 3. d4 cxd4 4. Qxd4 a6 5. c4 Nc6 6. Qd2 Nf6 7. Nc3 g6 8. Be2
Bg7 9. O-O O-O 10. h3 Be6 11. Rb1 Rb8 12. Re1 Qc7 13. Bd3 Nb4 14. Nd5 Bxd5 15.
Qxb4 Bc6 16. e5 Nd7 17. exd6 exd6 18. Be4 Ne5 19. Nxe5 dxe5 20. Bxc6 Qxc6 21.
Be3 Rbc8 22. b3 Rfd8 23. Red1 Rd7 24. Rxd7 Qxd7 25. Qe1 Rc6 26. Rd1 Rd6 27.
Rxd6 Qxd6 28. Qd2 Qxd2 29. Bxd2 Kf8 30. Bb4+ Ke8 31. f3 Kd7 32. Kf2 f5 33. Bc3
Ke6 34. f4 Bf6 35. fxe5 Bxe5 36. Bd2 Bf6 1/2-1/2

[Event "V Festival Mare di Fano A"]
[Site "Fano ITA"]
[Date "2016.08.06"]
[Round "9"]
[White "Mirri, Pietro"]
[Black "Esposti, Federico"]
[WhiteElo "2011"]
[BlackElo "2063"]
[Result "1/2-1/2"]
[PlyCount "65"]
[EventDate "2016.07.30"]

1. d4 d5 2. c4 c6 3. Nf3 Nf6 4. Qc2 dxc4 5. Qxc4 Bf5 6. g3 e6 7. Bg2 Be7 8. O-O
O-O 9. Nc3 Nbd7 10. Qb3 Qb6 11. Qxb6 Nxb6 12. Re1 Ne4 13. Ne5 Nxc3 14. bxc3 f6
15. Nd3 Nc4 16. e4 Bg6 17. Rb1 Rab8 18. Bf4 Bd6 19. Bxd6 Nxd6 20. Nf4 e5 21.
Nxg6 hxg6 22. Rbd1 Rbd8 23. dxe5 fxe5 24. Rd3 Nf7 25. Red1 Rxd3 26. Rxd3 Rd8
27. Rxd8+ Nxd8 28. Kf1 Kf7 29. Ke2 Ke6 30. Kd3 g5 31. Ke3 Kf6 32. Bf1 Ne6 33.
f3 1/2-1/2

[Event "V Festival Mare di Fano A"]
[Site "Fano ITA"]
[Date "2016.08.06"]
[Round "9"]
[White "Misiano, Franco"]
[Black "Moroni, Luca jr"]
[WhiteElo "2296"]
[BlackElo "2457"]
[Result "0-1"]
[PlyCount "78"]
[EventDate "2016.07.30"]

1. e4 e6 2. d4 d5 3. Nd2 c5 4. exd5 Qxd5 5. Ngf3 cxd4 6. Bc4 Qd6 7. O-O Nc6 8.
Nb3 a6 9. Nbxd4 Nxd4 10. Nxd4 Qc7 11. Qe2 Bd6 12. h3 Ne7 13. a4 O-O 14. c3 Bd7
15. Bb3 e5 16. Nf3 h6 17. Nd2 Ng6 18. Ne4 Be7 19. Qh5 Kh7 20. Bc2 f5 21. Ng3 e4
22. Ne2 Rae8 23. Be3 Bd6 24. f4 exf3 25. Rxf3 Rxe3 26. Rxe3 Bc5 27. Nd4 Bxd4
28. cxd4 Qxc2 29. Qe2 Qc7 30. Rc3 Qd6 31. Qc4 Rc8 32. Qd3 Nf4 33. Qd2 Re8 34.
Re3 Rxe3 35. Qxe3 Bc6 36. Qe5 Qg6 37. g4 Nxh3+ 38. Kh2 fxg4 39. d5 Ng5 0-1

[Event "V Festival Mare di Fano A"]
[Site "Fano ITA"]
[Date "2016.08.06"]
[Round "9"]
[White "Nemeth, Miklos"]
[Black "Cuhendi, Sean Winshand"]
[WhiteElo "2467"]
[BlackElo "2395"]
[Result "1/2-1/2"]
[PlyCount "37"]
[EventDate "2016.07.30"]

1. e4 c5 2. Nf3 e6 3. b3 b6 4. Bb2 Bb7 5. Nc3 Nf6 6. Qe2 Be7 7. O-O-O d5 8. e5
Nfd7 9. d4 Nc6 10. h4 a6 11. Kb1 Qc7 12. Rh3 O-O-O 13. dxc5 Nxc5 14. Rg3 g6 15.
Rg4 b5 16. Nd4 Nxd4 17. Rgxd4 f6 18. f4 f5 19. Qe1 1/2-1/2

[Event "V Festival Mare di Fano A"]
[Site "Fano ITA"]
[Date "2016.08.06"]
[Round "9"]
[White "Priasmoro, Novendra"]
[Black "Fier, Alexandr"]
[WhiteElo "2309"]
[BlackElo "2616"]
[Result "0-1"]
[PlyCount "134"]
[EventDate "2016.07.30"]

1. e4 c5 2. Nf3 e6 3. g3 Nc6 4. Bg2 Nf6 5. Nc3 d6 6. d4 cxd4 7. Nxd4 Bd7 8. O-O
a6 9. h3 Be7 10. b3 h5 11. Bb2 h4 12. g4 Nxd4 13. Qxd4 e5 14. Qd3 Be6 15. Nd5
Bxd5 16. exd5 Nd7 17. f4 O-O 18. g5 exf4 19. Rxf4 Bxg5 20. Rb4 b5 21. Rf1 Ne5
22. Bxe5 dxe5 23. Rg4 Bf4 24. Rfxf4 exf4 25. Qd4 g6 26. d6 Rb8 27. Rxf4 g5 28.
Rf5 b4 29. Bd5 Qb6 30. Rxg5+ Kh7 31. Be4+ f5 32. Qxb6 Rxb6 33. Bxf5+ Kh6 34.
Rg6+ Kh5 35. Bd3 Rd8 36. Rg7 Rdxd6 37. Rh7+ Kg5 38. Rg7+ Kf4 39. Kf2 Rh6 40.
Rg4+ Ke5 41. Ke3 Kf6 42. a3 bxa3 43. Ra4 Rh5 44. Rxa3 a5 45. Ra1 Rg5 46. Rf1+
Ke5 47. Kd2 Rf6 48. Re1+ Kd6 49. Re4 Rh5 50. Kc1 Rf2 51. Be2 Re5 52. Rd4+ Kc5
53. Rc4+ Kb6 54. Bd3 Re1+ 55. Kb2 Re3 56. Be4 Rxh3 57. Rc6+ Ka7 58. Rc7+ Kb8
59. Rb7+ Kc8 60. Rb5 Re3 61. Bf5+ Kc7 62. Rxa5 h3 63. Bxh3 Rxh3 64. Rc5+ Kb6
65. Rc4 Rh5 66. Ka3 Rc5 67. Rb4+ Kc6 0-1

[Event "V Festival Mare di Fano A"]
[Site "Fano ITA"]
[Date "2016.08.06"]
[Round "9"]
[White "Purnama, Tirta Chandra"]
[Black "Paler, Adrian"]
[WhiteElo "2337"]
[BlackElo "2066"]
[Result "1-0"]
[PlyCount "60"]
[EventDate "2016.07.30"]

1. d4 d5 2. c4 e6 3. Nf3 Nf6 4. Nc3 c6 5. e3 Nbd7 6. Qc2 Bd6 7. Be2 O-O 8. O-O
b6 9. Rd1 Bb7 10. b3 Qe7 11. a4 a5 12. Bb2 Rfd8 13. h3 Rac8 14. Rac1 e5 15.
dxe5 Nxe5 16. Nd4 g6 17. cxd5 cxd5 18. Qb1 Ba3 19. Bxa3 Qxa3 20. Rc2 Qe7 21.
Rdc1 Rc7 22. Ncb5 Rxc2 23. Rxc2 Rc8 24. Bf1 Ned7 25. Qb2 Rxc2 26. Qxc2 Qc5 27.
Qb2 Ne4 28. Bd3 Qb4 29. Kh2 Ndc5 30. Bxe4 dxe4 1-0

[Event "V Festival Mare di Fano A"]
[Site "Fano ITA"]
[Date "2016.08.06"]
[Round "9"]
[White "Rigo, Janos"]
[Black "Khadijah, Qurota'ain"]
[WhiteElo "2243"]
[BlackElo "1996"]
[Result "0-1"]
[PlyCount "54"]
[EventDate "2016.07.30"]

1. e4 c5 2. f4 d6 3. Nf3 g6 4. Bc4 Bg7 5. d3 e6 6. O-O Ne7 7. Qe1 Nbc6 8. c3
O-O 9. a4 d5 10. Bb3 c4 11. Bc2 Na5 12. dxc4 Nxc4 13. e5 Nxb2 14. Na3 Nc4 15.
Nxc4 dxc4 16. Ba3 Re8 17. Ng5 Nd5 18. Rf3 f5 19. exf6 Nxf6 20. Rd1 Qb6+ 21. Kh1
Bf8 22. Rb1 Qc6 23. Bc1 b6 24. Qh4 Bb7 25. Nxh7 Nxh7 26. Bxg6 Qd7 27. Rg3 Qd1#
0-1

[Event "V Festival Mare di Fano A"]
[Site "Fano ITA"]
[Date "2016.08.06"]
[Round "9"]
[White "Sala, Sergio"]
[Black "Rezzuti, Vincenzo"]
[WhiteElo "1919"]
[BlackElo "1937"]
[Result "1/2-1/2"]
[PlyCount "20"]
[EventDate "2016.07.30"]

1. e4 e5 2. Nf3 Nc6 3. Bc4 Nf6 4. d3 Be7 5. c3 d6 6. O-O O-O 7. Bb3 h6 8. Nbd2
Qe8 9. Re1 a6 10. Nf1 Be6 1/2-1/2

[Event "V Festival Mare di Fano A"]
[Site "Fano ITA"]
[Date "2016.08.06"]
[Round "9"]
[White "Setyaki, Azarya Jodi"]
[Black "Nguyen, Piotr"]
[WhiteElo "2325"]
[BlackElo "2430"]
[Result "0-1"]
[PlyCount "36"]
[EventDate "2016.07.30"]

1. e4 e6 2. d4 d5 3. Nc3 Bb4 4. e5 c5 5. Qg4 Ne7 6. dxc5 Nbc6 7. Qxg7 Rg8 8.
Qxh7 d4 9. a3 Qa5 10. Rb1 dxc3 11. Be3 Bd7 12. Ne2 cxb2+ 13. axb4 Qa1 14. c4
Nxb4 15. Nc3 Bc6 16. Bd3 O-O-O 17. Be4 Rh8 18. Qxf7 Bxe4 0-1

[Event "V Festival Mare di Fano A"]
[Site "Fano ITA"]
[Date "2016.08.06"]
[Round "9"]
[White "Weichhold, Pawel"]
[Black "Szukics, Adam"]
[WhiteElo "2387"]
[BlackElo "2140"]
[Result "1/2-1/2"]
[PlyCount "59"]
[EventDate "2016.07.30"]

1. a3 e5 2. c4 Nf6 3. Nc3 Nc6 4. g3 d5 5. cxd5 Nxd5 6. Bg2 Be6 7. Nf3 Nb6 8.
O-O Be7 9. d3 O-O 10. Be3 Qd7 11. b4 f6 12. Qc2 Nd5 13. Nxd5 Bxd5 14. Rfc1 a6
15. Bc5 Rac8 16. Rab1 Kh8 17. a4 Bxc5 18. Qxc5 Bxf3 19. Bxf3 Nd4 20. Bxb7 Nxe2+
21. Kg2 Nxc1 22. Rxc1 Qxa4 23. Bxc8 Rxc8 24. Qb6 h6 25. Qb7 Qd7 26. Qxa6 Rb8
27. Qc4 Qd6 28. b5 Qb6 29. Qf7 Rb7 30. Rc6 1/2-1/2